Paisajes (Registro nro. 15395)

Detalles MARC
000 -CABECERA
Longitud fija campo de control 00625nam a2200205 b 4500
003 - IDENTIFICADOR DELl NÚMERO DE CONTROL
Identificador del número de control OSt
005 - FECHA Y HORA DE LA ÚLTIMA TRANSACCIÓN
Fecha y hora de la última transacción 20141115213002.0
008 - CÓDIGOS DE INFORMACIÓN DE LONGITUD FIJA
Códigos de información de longitud fija 030428s2002 sp | o||| ||spa
020 ## - NÚMERO INTERNACIONAL NORMALIZADO PARA LIBROS
Número Internacional Normalizado para Libros (ISBN) 84-87183-62-X
040 ## - FUENTE DE LA CATALOGACIÓN
Centro transcriptor BMC
082 ## - NÚMERO DE LA CLASIFICACIÓN DECIMAL DEWEY
Númeroo de clasificación 069.5
100 1# - PUNTO DE ACCESO PRINCIPAL-NOMBRE DE PERSONA
Nombre de persona Fuentes, Marcelo
9 (RLIN) 3937
245 10 - MENCIÓN DE TÍTULO
Título Paisajes
Mención de responsabilidad, etc. Marcelo Fuentes ; [textos, Salvador Albiñana]
260 ## - PUBLICACIÓN, DISTRIBUCIÓN, ETC. (PIE DE IMPRENTA)
Lugar de publicación, distribución, etc. Teruel
Nombre del editor, distribuidor, etc. Museo de Teruel
Fecha de publicación, distribución, etc. 2002
300 ## - DESCRIPCIÓN FÍSICA
Extensión 84 p.
Otras características físicas il. col.
Dimensiones 23 x 24 cm
505 ## - NOTA DE CONTENIDO CON FORMATO
Nota de contenido con formato En la port.: : Museo de Teruel, 10 octubre-10 noviembre, 2002
600 24 - PUNTO DE ACCESO ADICIONAL DE MATERIA - NOMBRE DE PERSONA
9 (RLIN) 27680
Nombre de persona Fuentes, Marcelo
Subdivisión de forma (R ) Exposiciones
700 1# - PUNTO DE ACCESO ADICIONAL - NOMBRE DE PERSONA
Nombre de persona Albiñana, Salvador
9 (RLIN) 3938
942 ## - ENTRADA DE ELEMENTOS AGREGADOS (KOHA)
Fuente de clasificaión o esquema Dewey Decimal Classification
Koha [por defecto] tipo de item 1- Monografias
Existencias
Suprimido Perdido Fuente de clasificación o esquema Estropeado Restricciones de uso No para préstamo Código de colección Localización permanente Localización actual Localización en estanter&íacute;as Fecha adquisición Fuente de adquisición Número de inventario Préstamos totales Signatura completa Código de barras Fecha última consulta Coste, precio reemplazado Fecha del precio de reemplazo Tipo de item de Koha
NULL NULL Dewey Decimal Classification NULL Préstamo en Sala NULL NULL Biblioteca Miguel de Cervantes - UNICAES Biblioteca Miguel de Cervantes - UNICAES Sala Principal 07/11/2014 Donación - ADESH 024236   069.5 FUE mar 1024696 07/11/2014 19.22 07/11/2014 1- Monografias